Las privatizaciones en la Argentina (Registro nro. 7687)
[ vista simple ]
| 000 -LEADER | |
|---|---|
| fixed length control field | 01252 a2200217 4500 |
| 001 - CONTROL NUMBER | |
| control field | 62493 |
| 005 - DATE AND TIME OF LATEST TRANSACTION | |
| control field | 20260407155918.0 |
| 008 - FIXED-LENGTH DATA ELEMENTS--GENERAL INFORMATION | |
| fixed length control field | 260407a2003 arg spa d |
| 003 - CONTROL NUMBER IDENTIFIER | |
| control field | AR-UNSa-BCEJYS |
| 040 ## - CATALOGING SOURCE | |
| Original cataloging agency | AR-UNSa-BCEJYS |
| Language of cataloging | spa |
| Transcribing agency | AR-UNSa-BCEJYS |
| 080 ## - UNIVERSAL DECIMAL CLASSIFICATION NUMBER | |
| Universal Decimal Classification number | 338.246 |
| Common auxiliary subdivision | Medidas económicas. Instrumentos de la política económica (Privatización)) |
| 020 ## - INTERNATIONAL STANDARD BOOK NUMBER | |
| International Standard Book Number | 978-84-95294-45-6 |
| 041 ## - LANGUAGE CODE | |
| Language code of text/sound track or separate title | spa |
| 100 1# - MAIN ENTRY--PERSONAL NAME | |
| Personal name | Azpiazu, Daniel |
| 245 10 - TITLE STATEMENT | |
| Title | Las privatizaciones en la Argentina |
| Name of part/section of a work | Diagnóstico y propuestas para una mayor competitividad y equidad social |
| 264 #1 - PRODUCTION, PUBLICATION, DISTRIBUTION, MANUFACTURE, AND COPYRIGHT NOTICE | |
| Place of production, publication, distribution, manufacture | Buenos Aires : |
| Name of producer, publisher, distributor, manufacturer | Fundación OSDE |
| Date of production, publication, distribution, manufacture, or copyright notice | 2003 |
| 300 ## - PHYSICAL DESCRIPTION | |
| Extent | 344 p. |
| Dimensions | 22 cm. |
| 505 ## - FORMATTED CONTENTS NOTE | |
| Formatted contents note | 1. Las privatizaciones y sus impactos macroeconómicos, institucionales y sociales - 2. Las principales problemáticas y especificidades sectoriales en el ámbito de las áreas-mercados privatizados – 3. Formulación de medidas y acciones específicas de corto plazo. Lineamientos generales – 4. Lineamientos de políticas públicas en el plano agregado de los servicios privatizados – 5. La renegociación del conjunto de los contratos con las empresas privatizadas bajo la administración de Duhalde – 6. Reflexiones finales. |
| 590 ## - LOCAL NOTE (RLIN) | |
| Local note | niveau_biblio:m niveau_hierar:0 |
| 942 ## - ADDED ENTRY ELEMENTS (KOHA) | |
| Koha item type | |
| Withdrawn status | Lost status | Damaged status | Not for loan | Home library | Current library | Shelving location | Date acquired | Total checkouts | Full call number | Barcode | Date last seen | Price effective from | Koha item type |
|---|---|---|---|---|---|---|---|---|---|---|---|---|---|
| Biblioteca Prof. Eusebio Cleto del Rey | Biblioteca Prof. Eusebio Cleto del Rey | 07/04/2026 | 338.246 A996 | L86730 | 07/04/2026 | 07/04/2026 | Libro |